|
|
|
|
| LEADER |
00000nam0a2200000 4500 |
| 001 |
194206 |
| 005 |
20231101224535.0 |
| 035 |
|
|
|a (RuTPU)RU\TPU\book\211809
|
| 090 |
|
|
|a 194206
|
| 100 |
|
|
|a 20110407d1959 m y0rusy50 ca
|
| 101 |
0 |
|
|a rus
|
| 102 |
|
|
|a RU
|
| 105 |
|
|
|a a z 001zy
|
| 200 |
1 |
|
|a Способы подбора коэффициентов в химических уравнениях
|f Л. Г. Берг [и др.]
|
| 210 |
|
|
|a Казань
|c Изд-во Казанского ун-та
|d 1959
|
| 215 |
|
|
|a 148 с.
|c ил.
|
| 320 |
|
|
|a Библиогр.: с. 148.
|
| 606 |
1 |
|
|a Химические уравнения
|x Подбор коэффициентов
|2 stltpush
|3 (RuTPU)RU\TPU\subj\70969
|9 85093
|
| 610 |
1 |
|
|a коэффициенты
|
| 610 |
1 |
|
|a подбор
|
| 610 |
1 |
|
|a окислительно-восстановительные реакции
|
| 610 |
1 |
|
|a электронно-ионные установки
|
| 675 |
|
|
|a 544.4
|v 3
|
| 701 |
|
1 |
|a Берг
|b Л. Г.
|
| 701 |
|
1 |
|a Громаков
|b С. Д.
|
| 701 |
|
1 |
|a Зороацкая
|b И. В.
|
| 701 |
|
1 |
|a Аверко-Антонович
|b И. Н.
|
| 801 |
|
1 |
|a RU
|b 63413507
|c 20110407
|
| 801 |
|
2 |
|a RU
|b 63413507
|c 20220822
|g RCR
|
| 942 |
|
|
|c BK
|